Udržiavajte značku v dobrej kondícii

Ako treba k značke pristupovať, aby dosiahla komerčný úspech. Komunikačná fáza značky nikdy nekončí, aj počas prestávok v kampaniach je potrebné aplikovať udržiavací marketing. Piliere úspešnej značky.

Guardado en:
Detalles Bibliográficos
Autor principal: Budinská, Simona
Formato: Capítulo de libro
Lenguaje:eslovaco
Materias:
Etiquetas: Agregar Etiqueta
Sin Etiquetas, Sea el primero en etiquetar este registro!

MARC

LEADER 00000naa a2200000 4500
001 0206751
005 20231208070702.0
041 0 |a slo 
044 |a SK 
245 1 0 |a Udržiavajte značku v dobrej kondícii  |c Simona Budinská 
520 |a Ako treba k značke pristupovať, aby dosiahla komerčný úspech. Komunikačná fáza značky nikdy nekončí, aj počas prestávok v kampaniach je potrebné aplikovať udržiavací marketing. Piliere úspešnej značky. 
610 2 0 |a značky 
610 2 0 |a značky výrobkov 
610 2 0 |a marketing 
100 1 |a Budinská, Simona